Państwa od niedawna niepodległe - Statystyki

Ogólne statystyki
  • Ten quiz został rozwiązany 46 428 razy
  • Średni wynik to 23 z 30
Statystyki odpowiedzi
Kraj % Poprawnych
Czechy
96%
Słowacja
96%
Ukraina
94%
Litwa
92%
Łotwa
92%
Serbia
92%
Chorwacja
91%
Estonia
91%
Kazachstan
91%
Białoruś
90%
Kosowo
90%
Bośnia i Hercegowina
88%
Czarnogóra
85%
Macedonia Północna
83%
Słowenia
82%
Sudan Południowy
80%
Gruzja
79%
Armenia
77%
Uzbekistan
77%
Tadżykistan
76%
Azerbejdżan
75%
Turkmenistan
75%
Kirgistan
74%
Mołdawia
71%
Rosja
69%
Erytrea
53%
Timor Wschodni
52%
Namibia
29%
Jemen
8%
Palau
8%
Nie znaleziono quizów pasujących do podanych kryteriów
Rozkład punktacji
Procent ludzi z każdym wynikiem
Percentyl według liczby udzielonych odpowiedzi
Twoja historia wyników
Nie rozwiązałeś tego quizu